The ship and the storm : (Record no. 12474)

000 -LEADER
fixed length control field 00440cam a22001454a 4500
020 ## - INTERNATIONAL STANDARD BOOK NUMBER
ISBN 007135526X
040 ## - CATALOGING SOURCE
Transcribing agency DLC
082 00 - DEWEY DECIMAL CLASSIFICATION NUMBER
Classification number 910 INT 2001 A099 Or.
100 1# - MAIN ENTRY--AUTHOR NAME
Personal name Carrier, Jim
245 14 - TITLE STATEMENT
Title The ship and the storm :
Remainder of title Hurricane Mitch and the loss of the Fantome /
260 ## - PUBLICATION, DISTRIBUTION, ETC. (IMPRINT)
Place of publication Camden, Me. :
Name of publisher International Marine/McGraw-Hill,
Year of publication c2001
300 ## - PHYSICAL DESCRIPTION
Number of Pages 263 p., [12] p. of plates :
Other physical details ill., maps ;
Dimensions 24 cm
650 #0 - SUBJECT ADDED ENTRY--TOPICAL TERM
Topical Term Shipwrecks
942 ## - ADDED ENTRY ELEMENTS (KOHA)
Koha item type សៀវភៅភាសាអង់គ្លេស
952 ## - LOCATION AND ITEM INFORMATION (KOHA)
Withdrawn status [LOCAL, KOHA] 0
Holdings
Permanent Location Date acquired Koha item type Lost status Shelving location Barcode Current Location Full call number
Library Block A2017-08-14សៀវភៅភាសាអង់គ្លេស A099A16799Library Block A910 INT 2001 A099 Or.
មជ្ឈមណ្ឌលឯការនៃសាកលវិទ្យាល័យភូមិន្ទកសិកម្មចំការដូង

Powered by Koha